[Event "POL-chT 2nd League"]
[Site "Jastrzebia Gora"]
[Date "2023.09.10"]
[Round "9.70"]
[White "Piotrowski, Przemyslaw"]
[Black "Walkusz, Witoslaw"]
[Result "1-0"]
[WhiteElo "2258"]
[BlackElo "2038"]
[PlyCount "63"]
[EventDate "2023.09.02"]
[EventType "team-swiss"]
[EventRounds "9"]
[EventCountry "POL"]
[SourceTitle "EXT 2024"]
[Source "ChessBase"]
[SourceDate "2023.10.10"]
[SourceVersion "1"]
[SourceVersionDate "2023.10.10"]
[SourceQuality "1"]
[WhiteTeam "Wisznia Mala Bialy Krol"]
[BlackTeam "Zakrzewo Korona"]
[WhiteTeamCountry "POL"]
[BlackTeamCountry "POL"]

1. d4 Nf6 2. Nf3 g6 3. g3 Bg7 4. Bg2 0-0 5. 0-0 d6 6. c4 Nc6 7. Nc3 Bf5 8. e3 Ne4 9. Ne2 g5 10. d5 Ne5 11. Nfd4 e6 12. Nxf5 exf5 13. Nd4 Qf6 14. f4 Nxc4 15. fxg5 Nxg5 16. h4 Ne4 17. Bxe4 Qe5 18. Nxf5 Qxe4 19. Rf4 Qe5 20. Nxg7 Nxe3 21. Qf3 Nxd5 22. Re4 Qf6 23. Nf5 Kh8 24. Re2 c6 25. Bg5 Qg6 26. Ne7 Nxe7 27. Bf6+ Kg8 28. Rxe7 Rfe8 29. h5 Qh6 30. Rae1 Rxe7 31. Rxe7 Rb8 32. Re4 1-0

[Event "POL-chT 2nd League"]
[Site "Jastrzebia Gora"]
[Date "2023.09.05"]
[Round "4.111"]
[White "Bienias, Piotr"]
[Black "Walkusz, Witoslaw"]
[Result "0-1"]
[WhiteElo "1934"]
[BlackElo "2038"]
[PlyCount "80"]
[EventDate "2023.09.02"]
[EventType "team-swiss"]
[EventRounds "9"]
[EventCountry "POL"]
[SourceTitle "EXT 2024"]
[Source "ChessBase"]
[SourceDate "2023.10.10"]
[SourceVersion "1"]
[SourceVersionDate "2023.10.10"]
[SourceQuality "1"]
[WhiteTeam "Wroclaw Hetman"]
[BlackTeam "Zakrzewo Korona"]
[WhiteTeamCountry "POL"]
[BlackTeamCountry "POL"]

1. e4 e5 2. Nf3 Nc6 3. Bc4 Nf6 4. d3 h6 5. Nbd2 d6 6. c3 Be7 7. a4 0-0 8. 0-0 Na5 9. Ba2 c5 10. b4 cxb4 11. cxb4 Nc6 12. b5 Nb4 13. Bc4 d5 14. exd5 Nfxd5 15. Nxe5 Bf6 16. Ndf3 Re8 17. Bb2 Be6 18. Qd2 a5 19. Rfe1 Nb6 20. Bxe6 Rxe6 21. Bc3 Qd6 22. Bd4 Bxe5 23. Rxe5 Rxe5 24. Bxe5 Qxd3 25. Qf4 Rd8 26. h4 Nc4 27. Bd4 Nc2 28. Rc1 Nxd4 29. Nxd4 Rxd4 30. Qb8+ Kh7 31. Qxb7 Qd2 32. Rf1 Nd6 33. Qf3 Qd3 34. Qh5 Qf5 35. Qe2 Rxa4 36. b6 Rb4 37. Rd1 Rxb6 38. Qe7 Ne4 39. f3 Qc5+ 40. Qxc5 Nxc5 0-1

[Event "Polanica Zdroj op 59th"]
[Site "Polanica Zdroj"]
[Date "2023.08.24"]
[Round "6"]
[White "Walkusz, Witoslaw"]
[Black "Zerebiec, Maurycy"]
[Result "1/2-1/2"]
[WhiteElo "2023"]
[BlackElo "1925"]
[PlyCount "100"]
[EventDate "2023.08.19"]
[EventType "swiss"]
[EventRounds "9"]
[EventCountry "POL"]
[SourceTitle "CBM 215 Extra"]
[Source "ChessBase"]
[SourceDate "2023.09.30"]
[SourceVersion "1"]
[SourceVersionDate "2023.09.30"]
[SourceQuality "1"]

1. e4 e6 2. d4 d5 3. Nd2 dxe4 4. Nxe4 Nd7 5. Nf3 Ngf6 6. Bd3 Be7 7. Qe2 0-0 8. 0-0 c5 9. c3 cxd4 10. Nxd4 Nxe4 11. Bxe4 Nf6 12. Bf3 a6 13. Rd1 Qc7 14. g3 e5 15. Nc2 Bf5 16. Ne3 Be6 17. Nd5 Nxd5 18. Bxd5 Bxd5 19. Rxd5 Bf6 20. Be3 Rad8 21. Rad1 Rxd5 22. Rxd5 Rd8 23. Qd3 Rxd5 24. Qxd5 Qc6 25. Qxc6 bxc6 26. Bc5 Bg5 27. Kf1 f5 28. Ke2 Kf7 29. Kd3 Ke6 30. Kc4 Bd8 31. a4 g5 32. h3 h5 33. b4 g4 34. hxg4 fxg4 35. Be3 Be7 36. b5 cxb5+ 37. axb5 axb5+ 38. Kxb5 h4 39. gxh4 Bxh4 40. Kc6 e4 41. c4 g3 42. fxg3 Bxg3 43. c5 Ke5 44. Kd7 Kd5 45. c6 Bd6 46. Bb6 Bf4 47. Bf2 Bd6 48. Bg1 Bf4 49. Bb6 Bd6 50. c7 Ke5 1/2-1/2

[Event "Polanica Zdroj op-A 58th"]
[Site "Polanica Zdroj"]
[Date "2022.08.18"]
[Round "6"]
[White "Walkusz, Witoslaw"]
[Black "Paszkowski, Krystian"]
[Result "1/2-1/2"]
[WhiteElo "2001"]
[BlackElo "1988"]
[PlyCount "21"]
[EventDate "2022.08.13"]
[EventType "swiss"]
[EventRounds "9"]
[EventCountry "POL"]
[SourceTitle "CBM 210 Extra"]
[Source "ChessBase"]
[SourceDate "2022.11.30"]
[SourceVersion "1"]
[SourceVersionDate "2022.11.30"]
[SourceQuality "1"]

1. e4 c5 2. Nf3 Nc6 3. Bb5 g6 4. Bxc6 dxc6 5. d3 Bg7 6. h3 Nf6 7. Nc3 Nd7 8. Be3 e5 9. Qd2 h6 10. 0-0 b6 11. a4 1/2-1/2

[Event "Poronin Tatra Limba op"]
[Site "Poronin"]
[Date "2022.01.10"]
[Round "7"]
[White "Walkusz, Witoslaw"]
[Black "Kotowicz, Kamil"]
[Result "1-0"]
[WhiteElo "2024"]
[BlackElo "1732"]
[PlyCount "71"]
[EventDate "2022.01.06"]
[EventType "swiss"]
[EventRounds "9"]
[EventCountry "POL"]
[SourceTitle "CBM 206 Extra"]
[Source "ChessBase"]
[SourceDate "2022.03.31"]
[SourceVersion "1"]
[SourceVersionDate "2022.03.31"]
[SourceQuality "1"]

1. e4 e6 2. d4 d5 3. Nc3 Nf6 4. e5 Nfd7 5. f4 c5 6. Nf3 Nc6 7. Be3 cxd4 8. Nxd4 Bc5 9. Qd2 a6 10. Qf2 Qb6 11. 0-0-0 Bxd4 12. Bxd4 Nxd4 13. Qxd4 Qxd4 14. Rxd4 f6 15. exf6 gxf6 16. f5 e5 17. Rxd5 b5 18. Be2 Ke7 19. Rhd1 Rd8 20. Bf3 Rb8 21. Rd6 Bb7 22. Bxb7 Rxb7 23. Ne4 Ra8 24. Re6+ Kf8 25. Nxf6 Nxf6 26. Rxf6+ Rf7 27. Rdd6 Re8 28. Rxa6 Rxf6 29. Rxf6+ Kg7 30. Re6 Rxe6 31. fxe6 Kf6 32. Kd2 Kxe6 33. Ke3 Kd5 34. g4 e4 35. h4 Ke5 36. c3 1-0

[Event "Poronin Tatra Limba op"]
[Site "Poronin"]
[Date "2022.01.06"]
[Round "1"]
[White "Walkusz, Witoslaw"]
[Black "Radzimski, Antoni"]
[Result "1-0"]
[WhiteElo "2024"]
[BlackElo "1727"]
[PlyCount "111"]
[EventDate "2022.01.06"]
[EventType "swiss"]
[EventRounds "9"]
[EventCountry "POL"]
[SourceTitle "CBM 206 Extra"]
[Source "ChessBase"]
[SourceDate "2022.03.31"]
[SourceVersion "1"]
[SourceVersionDate "2022.03.31"]
[SourceQuality "1"]

1. e4 e5 2. Nf3 Nc6 3. Bb5 a6 4. Bxc6 dxc6 5. 0-0 Bg4 6. h3 h5 7. d3 Qf6 8. Nbd2 g5 9. b3 Bb4 10. Bb2 Bxd2 11. Qxd2 Bxf3 12. gxf3 0-0-0 13. Qc3 Rd4 14. Qa5 g4 15. Bxd4 exd4 16. Qf5+ Qxf5 17. exf5 gxf3 18. Rae1 Nh6 19. Kh2 Nxf5 20. Rg1 Nd6 21. Kg3 Rh6 22. Re5 h4+ 23. Kxf3 Rf6+ 24. Ke2 Nb5 25. Rg4 b6 26. Rxh4 c5 27. Ke1 Na3 28. Re2 Rf3 29. Rh6 Kb7 30. Kf1 Nb5 31. a4 Nc3 32. Re1 Nd5 33. Kg2 Rf5 34. h4 Nf6 35. Rxf6 Rxf6 36. h5 Rh6 37. Rh1 Rh8 38. Kg3 Kc6 39. Kg4 Kd6 40. Kf5 Ke7 41. h6 f6 42. h7 Kf7 43. f4 a5 44. Rh2 c6 45. Rh6 Kg7 46. Rxf6 Rxh7 47. Rxc6 Rh2 48. Rxb6 Rxc2 49. Rb7+ Kh6 50. Rb5 Rd2 51. Ke4 Re2+ 52. Kd5 Rd2 53. Kxc5 Rxd3 54. Kc4 Rf3 55. Rxa5 Rxf4 56. Rd5 1-0

[Event "Dziedzica Memrial 11th"]
[Site "Trzcianka"]
[Date "2021.10.24"]
[Round "8"]
[White "Raczynski, Krzysztof"]
[Black "Walkusz, Witoslaw"]
[Result "1-0"]
[WhiteElo "2194"]
[BlackElo "2024"]
[PlyCount "129"]
[EventDate "2021.10.24"]
[EventType "swiss (rapid)"]
[EventRounds "9"]
[EventCountry "POL"]
[SourceTitle "CBM 204 Extra"]
[Source "ChessBase"]
[SourceDate "2021.11.30"]
[SourceVersion "1"]
[SourceVersionDate "2021.11.30"]
[SourceQuality "1"]

1. e4 e5 2. Nf3 Nc6 3. Bb5 a6 4. Ba4 Nf6 5. Qe2 b5 6. Bb3 Be7 7. c3 0-0 8. 0-0 d6 9. Rd1 Re8 10. Ng5 Rf8 11. Nf3 Re8 12. d3 h6 13. Nbd2 Bf8 14. Nf1 Be6 15. Bc2 d5 16. Ng3 d4 17. Bb3 Bxb3 18. axb3 dxc3 19. bxc3 b4 20. d4 bxc3 21. dxe5 Nd7 22. Bf4 Qc8 23. Qc4 Ncxe5 24. Nxe5 Nxe5 25. Qxc3 Qe6 26. Rd5 Ng6 27. Be3 c6 28. Rda5 Reb8 29. Rxa6 Rxa6 30. Rxa6 Rxb3 31. Qxc6 Rb1+ 32. Nf1 Qxc6 33. Rxc6 Ne5 34. Rc8 g5 35. h4 f6 36. f3 Kf7 37. h5 Nd3 38. Rc3 Ne5 39. Bd4 Bd6 40. Rc2 Rd1 41. Be3 Rd3 42. Kf2 Rd1 43. Ke2 Rb1 44. Ng3 Bf8 45. Nf5 Rb4 46. Bd2 Rc4 47. Ra2 Rc7 48. Ra6 Rd7 49. Bc3 Rc7 50. Bxe5 fxe5 51. Nxh6+ Bxh6 52. Rxh6 Rc2+ 53. Kf1 Rc1+ 54. Kf2 Rh1 55. g4 Rh2+ 56. Ke3 Ra2 57. Rg6 Ra3+ 58. Kf2 Ra2+ 59. Kg3 Ra5 60. Rxg5 Kf6 61. Rg6+ Kf7 62. Rb6 Kg7 63. g5 Ra1 64. Rb7+ Kg8 65. Kg4 1-0

[Event "POL-chT 2nd League"]
[Site "Sypniewo"]
[Date "2021.09.10"]
[Round "7.4"]
[White "Robak, Zbigniew"]
[Black "Walkusz, Witoslaw"]
[Result "1/2-1/2"]
[WhiteElo "2217"]
[BlackElo "2015"]
[PlyCount "21"]
[EventDate "2021.09.04"]
[EventType "team-swiss"]
[EventRounds "9"]
[EventCountry "POL"]
[SourceTitle "CBM 204 Extra"]
[Source "ChessBase"]
[SourceDate "2021.11.30"]
[SourceVersion "1"]
[SourceVersionDate "2021.11.30"]
[SourceQuality "1"]
[WhiteTeam "Bydgoszcz Hetman"]
[BlackTeam "Zakrzewo Korona"]
[WhiteTeamCountry "POL"]
[BlackTeamCountry "POL"]

1. d4 f5 2. Nc3 Nf6 3. Bg5 e6 4. e4 fxe4 5. Nxe4 Be7 6. Bxf6 Bxf6 7. Nf3 d6 8. c3 Nc6 9. Bd3 Qe7 10. Qc2 Bd7 11. 0-0-0 1/2-1/2

[Event "Polanica Zdroj op-C 56th"]
[Site "Polanica Zdroj"]
[Date "2020.08.22"]
[Round "8"]
[White "Walkusz, Witoslaw"]
[Black "Bartlomowicz, Jakub"]
[Result "1-0"]
[WhiteElo "2092"]
[BlackElo "1613"]
[PlyCount "61"]
[EventDate "2020.08.15"]
[EventType "swiss"]
[EventRounds "9"]
[EventCountry "POL"]
[SourceTitle "CBM 198 Extra"]
[Source "ChessBase"]
[SourceDate "2020.11.30"]
[SourceVersion "1"]
[SourceVersionDate "2020.11.30"]
[SourceQuality "1"]

1. e4 e5 2. Nf3 Nc6 3. Bb5 a6 4. Bxc6 dxc6 5. 0-0 Qf6 6. d4 exd4 7. Bg5 Qd6 8. e5 Qg6 9. Qxd4 Be7 10. Bxe7 Nxe7 11. Nc3 0-0 12. Rfe1 b6 13. Nh4 Qe6 14. Rad1 Nf5 15. Nxf5 Qxf5 16. Qd8 Qxc2 17. Rd2 Qg6 18. Qxc7 Bh3 19. f4 b5 20. Re3 Bf5 21. Rg3 Rfc8 22. Qb6 Qe6 23. Rd6 Qc4 24. Qe3 Rd8 25. b3 Qb4 26. Rxc6 Rd3 27. Qf2 Rad8 28. Rxd3 Bxd3 29. Rd6 Bf5 30. Rc6 Bd3 31. f5 1-0

[Event "Polanica Zdroj op-C 56th"]
[Site "Polanica Zdroj"]
[Date "2020.08.21"]
[Round "7"]
[White "Raczek, Krzysztof"]
[Black "Walkusz, Witoslaw"]
[Result "0-1"]
[WhiteElo "1712"]
[BlackElo "2092"]
[PlyCount "90"]
[EventDate "2020.08.15"]
[EventType "swiss"]
[EventRounds "9"]
[EventCountry "POL"]
[SourceTitle "CBM 198 Extra"]
[Source "ChessBase"]
[SourceDate "2020.11.30"]
[SourceVersion "1"]
[SourceVersionDate "2020.11.30"]
[SourceQuality "1"]

1. c4 e5 2. Nc3 Nf6 3. Nf3 Nc6 4. d3 d5 5. cxd5 Nxd5 6. g3 Be7 7. Bg2 Be6 8. 0-0 0-0 9. a3 h6 10. Nxd5 Bxd5 11. b4 a5 12. e4 Be6 13. b5 Nd4 14. Bb2 Nb3 15. Rb1 a4 16. Nxe5 Nd4 17. f4 f6 18. Ng6 Re8 19. Nxe7+ Rxe7 20. Kh1 Rd7 21. f5 Bb3 22. Qd2 Nxb5 23. e5 Rxd3 24. Qb4 Nd4 25. exf6 gxf6 26. Qxb7 c6 27. Bxd4 Rxd4 28. Rf4 Rxf4 29. gxf4 Bd5 30. Rg1 Kh8 31. h3 Rb8 32. Qa7 Rb2 33. Qc5 Rxg2 34. Rxg2 Qg8 35. Qc2 Qxg2+ 36. Qxg2 Bxg2+ 37. Kxg2 Kg7 38. Kf2 Kf7 39. Ke3 Ke7 40. Kd4 Kd6 41. Kc4 c5 42. h4 h5 43. Kb5 Kd5 44. Kxa4 c4 45. Kb4 Kd4 0-1

[Event "Polanica Zdroj op-C 56th"]
[Site "Polanica Zdroj"]
[Date "2020.08.16"]
[Round "2"]
[White "Walkusz, Witoslaw"]
[Black "Grot, Blazej"]
[Result "1/2-1/2"]
[WhiteElo "2092"]
[BlackElo "1768"]
[PlyCount "90"]
[EventDate "2020.08.15"]
[EventType "swiss"]
[EventRounds "9"]
[EventCountry "POL"]
[SourceTitle "CBM 198 Extra"]
[Source "ChessBase"]
[SourceDate "2020.11.30"]
[SourceVersion "1"]
[SourceVersionDate "2020.11.30"]
[SourceQuality "1"]

1. e4 c5 2. Nf3 e6 3. b3 a6 4. Bb2 Nc6 5. Nc3 Be7 6. g3 d6 7. Bg2 Nf6 8. 0-0 0-0 9. Re1 e5 10. d3 Be6 11. Nd2 Qd7 12. Nc4 Bd8 13. Nd5 Rb8 14. Nce3 Bxd5 15. exd5 Ne7 16. f4 exf4 17. gxf4 Ng6 18. f5 Nh4 19. Rf1 Nxg2 20. Kxg2 Re8 21. Qf3 Qe7 22. Rae1 Ba5 23. c3 Nd7 24. Qg3 Qf6 25. Ng4 Qg5 26. Bc1 Qh5 27. Bd2 Bc7 28. Bh6 Kh8 29. Bxg7+ Kxg7 30. Nf6+ Kxf6 31. Re6+ Rxe6 32. fxe6+ Ke7 33. Rxf7+ Qxf7 34. exf7 Kxf7 35. Qh3 Rg8+ 36. Kf1 Nf6 37. Qe6+ Kg6 38. c4 Re8 39. Qh3 h5 40. Qg2+ Kf7 41. Qf3 Ba5 42. Qf4 Re5 43. h3 Bc3 44. Kf2 Bd4+ 45. Kf1 Bc3 1/2-1/2

[Event "Bialystok Zamenhof Memorial 38th"]
[Site "Bialystok"]
[Date "2019.12.29"]
[Round "6"]
[White "Luberanski, Jakub"]
[Black "Walkusz, Witoslaw"]
[Result "1/2-1/2"]
[WhiteElo "1963"]
[BlackElo "2089"]
[PlyCount "108"]
[EventDate "2019.12.27"]
[EventType "swiss"]
[EventRounds "9"]
[EventCountry "POL"]
[SourceTitle "CBM 194 Extra"]
[Source "ChessBase"]
[SourceDate "2020.03.31"]
[SourceVersion "1"]
[SourceVersionDate "2020.03.31"]
[SourceQuality "1"]

1. d4 Nf6 2. Bf4 g6 3. e3 Bg7 4. Nf3 d5 5. Nc3 a6 6. Ne5 Nh5 7. Qf3 Nxf4 8. exf4 f6 9. Nd3 c6 10. h4 h5 11. Qg3 Kf7 12. Qe3 Qd6 13. g3 Qe6 14. Bg2 Qxe3+ 15. fxe3 Rd8 16. 0-0 Bf5 17. Na4 Nd7 18. Rae1 Bxd3 19. cxd3 f5 20. Rc1 e6 21. a3 Rdc8 22. Rc2 Ke7 23. Rfc1 Kd6 24. b4 b5 25. Nc3 Nb6 26. Nb1 a5 27. Nd2 axb4 28. axb4 Ra4 29. Nb3 Nd7 30. Na5 Nb8 31. Nb7+ Ke7 32. Nc5 Ra8 33. Kf2 Na6 34. Nxa6 Rxa6 35. Ke2 Kd7 36. Kf1 Raa8 37. Re2 Ra3 38. e4 Rca8 39. exd5 cxd5 40. Rce1 Ra1 41. Rxe6 Rxe1+ 42. Rxe1 Kd6 43. Bf3 Bxd4 44. Rc1 Ra1 45. Rxa1 Bxa1 46. Bd1 Bc3 47. Ke2 Bxb4 48. d4 Bc3 49. Ke3 Be1 50. Kf3 Kc6 51. Bb3 Bc3 52. Ke3 Be1 53. Kf3 Kd6 54. Bd1 Bd2 1/2-1/2

[Event "Bialystok Zamenhof Memorial 38th"]
[Site "Bialystok"]
[Date "2019.12.28"]
[Round "4"]
[White "Walkusz, Witoslaw"]
[Black "Jakubowski, Krzysztof"]
[Result "0-1"]
[WhiteElo "2089"]
[BlackElo "2503"]
[PlyCount "110"]
[EventDate "2019.12.27"]
[EventType "swiss"]
[EventRounds "9"]
[EventCountry "POL"]
[SourceTitle "CBM 194 Extra"]
[Source "ChessBase"]
[SourceDate "2020.03.31"]
[SourceVersion "1"]
[SourceVersionDate "2020.03.31"]
[SourceQuality "1"]

1. d4 g6 2. c4 Bg7 3. Nc3 c5 4. Nf3 cxd4 5. Nxd4 Nc6 6. e3 Nf6 7. Be2 0-0 8. 0-0 Nxd4 9. exd4 d5 10. c5 Ne4 11. a4 Nxc3 12. bxc3 Bd7 13. Bf4 Bc6 14. Re1 b6 15. cxb6 Qxb6 16. a5 Qd8 17. Ba6 Re8 18. Qd3 Qd7 19. Rab1 e6 20. Qg3 Bf6 21. Bd6 Bd8 22. Ra1 Bh4 23. Qxh4 Qxd6 24. Qg3 Qd8 25. h4 h5 26. Bd3 Kg7 27. Re5 Qc7 28. Rae1 Bd7 29. f4 Qxc3 30. Rxh5 Qxd4+ 31. Kh2 Rh8 32. Rg5 Rxh4+ 33. Qxh4 Rh8 34. Qxh8+ Kxh8 35. Rg3 Kg7 36. Rf1 Qa4 37. a6 Bc8 38. Rff3 Bxa6 39. Bxa6 Qxa6 40. Ra3 Qd6 41. Rgf3 g5 42. g3 g4 43. Rfc3 Qb4 44. Kg2 Qb2+ 45. Kf1 Kf6 46. Rd3 Qb1+ 47. Ke2 Qc2+ 48. Rd2 Qc4+ 49. Rdd3 d4 50. Kd2 a5 51. Ra1 Qb4+ 52. Kc2 Kf5 53. Rda3 Ke4 54. Ra4 Qc3+ 55. Kd1 Qxg3 0-1

[Event "POL-chT 2nd League"]
[Site "Jastrzebia Gora"]
[Date "2019.09.14"]
[Round "8.15"]
[White "Kindler, Przemyslaw"]
[Black "Walkusz, Witoslaw"]
[Result "0-1"]
[WhiteElo "2121"]
[BlackElo "2061"]
[PlyCount "106"]
[EventDate "2019.09.07"]
[EventType "team-swiss"]
[EventRounds "9"]
[EventCountry "POL"]
[SourceTitle "EXT 2020"]
[Source "ChessBase"]
[SourceDate "2019.10.17"]
[SourceVersion "1"]
[SourceVersionDate "2019.10.17"]
[SourceQuality "1"]
[WhiteTeam "Gdansk Korona"]
[BlackTeam "Czerwionka Leszczyny Skoczek"]
[WhiteTeamCountry "POL"]
[BlackTeamCountry "POL"]

1. e4 e5 2. Nf3 Nc6 3. Bc4 Nf6 4. d3 Bc5 5. c3 d6 6. 0-0 a5 7. h3 0-0 8. Nbd2 h6 9. Re1 Bb6 10. Nf1 Be6 11. Bb3 Bxb3 12. Qxb3 a4 13. Qd1 Re8 14. Ng3 d5 15. Qe2 d4 16. c4 a3 17. bxa3 Bc5 18. Rb1 b6 19. Nf5 Bxa3 20. Bxh6 gxh6 21. Nxh6+ Kf8 22. Ng5 Qd7 23. Qf3 Ke7 24. Nhxf7 Rg8 25. Qg3 Bd6 26. Rb5 Rxa2 27. Nxe5 Nxe5 28. Rxe5+ Kd8 29. Qf4 Kc8 30. Qxf6 Rf8 31. Qxf8+ Bxf8 32. Rd5 Qg7 33. Rf1 Be7 34. f4 Rd2 35. Rf3 Qg6 36. Rg3 Qh5 37. Nf3 Rd1+ 38. Kh2 Qh6 39. Ng5 Qh4 40. Rf5 Bxg5 41. fxg5 Rh1+ 42. Kxh1 Qxg3 43. Rf3 Qxg5 44. g4 c6 45. Kg2 b5 46. cxb5 cxb5 47. Kg3 b4 48. h4 Qe5+ 49. Kh3 b3 50. Rf5 Qxf5 51. exf5 b2 52. g5 b1Q 53. g6 Qg1 0-1

[Event "POL-chT 2nd League"]
[Site "Jastrzebia Gora"]
[Date "2019.09.13"]
[Round "7.14"]
[White "Kosiorek, Marek"]
[Black "Walkusz, Witoslaw"]
[Result "1/2-1/2"]
[WhiteElo "2233"]
[BlackElo "2061"]
[PlyCount "126"]
[EventDate "2019.09.07"]
[EventType "team-swiss"]
[EventRounds "9"]
[EventCountry "POL"]
[SourceTitle "EXT 2020"]
[Source "ChessBase"]
[SourceDate "2019.10.17"]
[SourceVersion "1"]
[SourceVersionDate "2019.10.17"]
[SourceQuality "1"]
[WhiteTeam "Siedlce KSz Skoczek"]
[BlackTeam "Czerwionka Leszczyny Skoczek"]
[WhiteTeamCountry "POL"]
[BlackTeamCountry "POL"]

1. e4 e5 2. Nf3 Nc6 3. Bc4 Nf6 4. d3 Bc5 5. c3 d6 6. Bb3 0-0 7. h3 Be6 8. Bc2 h6 9. 0-0 Bb6 10. Re1 Ne7 11. a4 a5 12. d4 Ng6 13. Nbd2 exd4 14. Nxd4 Bd7 15. Nc4 Ba7 16. Bd2 Ne5 17. Ne3 Re8 18. Nef5 d5 19. exd5 Bxf5 20. Nxf5 Qxd5 21. Bf4 Ng6 22. Qxd5 Nxd5 23. Bg3 Ndf4 24. Kf1 Bb6 25. Rad1 Rxe1+ 26. Rxe1 Rd8 27. Ne7+ Nxe7 28. Bxf4 Nd5 29. Bc1 Kf8 30. h4 c6 31. g3 Re8 32. Rxe8+ Kxe8 33. Bf5 Bc5 34. Bc8 b6 35. Bg4 Ke7 36. Ke2 Kd6 37. h5 b5 38. axb5 cxb5 39. f4 a4 40. Bf5 a3 41. bxa3 Nxc3+ 42. Kd2 Nd5 43. Bb2 f6 44. Bd3 b4 45. axb4 Nxb4 46. Be4 Nd5 47. Ke2 Bb4 48. Kf3 Ne7 49. Bc2 Nd5 50. Ke4 Be1 51. Bb3 Bc3 52. Bc1 Ne7 53. g4 f5+ 54. gxf5 Bf6 55. Ba3+ Kd7 56. Ba4+ Kc7 57. Bc5 Nc8 58. Bf8 Ne7 59. Bb5 Kd6 60. Be8 Bb2 61. Kd3 Bf6 62. Kc4 Kc7 63. Bg6 Kd6 1/2-1/2

[Event "Rubinstein Memorial-A 55th"]
[Site "Polanica Zdroj"]
[Date "2019.08.17"]
[Round "1"]
[White "Walkusz, Witoslaw"]
[Black "Goraj, Barbara"]
[Result "0-1"]
[WhiteElo "2138"]
[BlackElo "1800"]
[PlyCount "86"]
[EventDate "2019.08.17"]
[EventType "swiss"]
[EventRounds "9"]
[EventCountry "POL"]
[SourceTitle "EXT 2020"]
[Source "ChessBase"]
[SourceDate "2019.10.17"]
[SourceVersion "1"]
[SourceVersionDate "2019.10.17"]
[SourceQuality "1"]

1. e4 c6 2. d3 d5 3. Nd2 g6 4. Ngf3 Bg7 5. Be2 Nd7 6. 0-0 Qc7 7. Re1 Ngf6 8. Bf1 dxe4 9. dxe4 Nc5 10. c3 0-0 11. Qc2 a5 12. a4 Rd8 13. h3 b6 14. Ra3 Ba6 15. Bxa6 Rxa6 16. c4 e5 17. Nb3 Ncxe4 18. Rxe4 Nxe4 19. Qxe4 Rd1+ 20. Ne1 Bf8 21. Ra1 Bb4 22. Bg5 Rxa1 23. Nxa1 Kg7 24. Nac2 f6 25. Bc1 Be7 26. Nd3 Ra8 27. f4 exf4 28. Nd4 Qd7 29. Nxf4 Bc5 30. Be3 Re8 31. Nde6+ Kf7 32. Nxc5 Qd1+ 33. Kf2 Rxe4 34. Nxe4 Qc2+ 35. Kf3 Qxb2 36. Nd6+ Kg8 37. Nc8 b5 38. axb5 cxb5 39. c5 Qc2 40. Na7 b4 41. c6 b3 42. Bb6 b2 43. c7 Qc3+ 0-1

[Event "Riga RTU rapid op"]
[Site "Riga"]
[Date "2019.07.04"]
[Round "6"]
[White "Walkusz, Witoslaw"]
[Black "Gudovskis, Konstantins"]
[Result "0-1"]
[WhiteElo "1956"]
[BlackElo "2108"]
[PlyCount "62"]
[EventDate "2019.07.04"]
[EventType "swiss (rapid)"]
[EventRounds "9"]
[EventCountry "LAT"]
[SourceTitle "EXT 2020"]
[Source "ChessBase"]
[SourceDate "2019.10.17"]
[SourceVersion "1"]
[SourceVersionDate "2019.10.17"]
[SourceQuality "1"]

1. e4 e5 2. Nf3 Nc6 3. Bb5 d6 4. Bxc6+ bxc6 5. d4 f6 6. h3 g6 7. c4 Bg7 8. Nc3 Nh6 9. dxe5 fxe5 10. Be3 Nf7 11. Qd2 Be6 12. b3 a5 13. 0-0 0-0 14. Rad1 a4 15. Nxa4 Bxc4 16. Rfe1 Be6 17. Qc2 Qe8 18. Rc1 c5 19. Red1 Bh6 20. Bxh6 Nxh6 21. Ng5 Bd7 22. Nc3 Nf7 23. Nxf7 Qxf7 24. Rd3 Be6 25. Rcd1 c4 26. Rf3 cxb3 27. axb3 Bxb3 28. Rxf7 Bxc2 29. Rxf8+ Kxf8 30. Rc1 Bd3 31. Rd1 Bc4 0-1

[Event "POL-chT 2nd League"]
[Site "Jastrzebia Gora"]
[Date "2018.09.03"]
[Round "4.6"]
[White "Dzierzak, Radoslaw"]
[Black "Walkusz, Witoslaw"]
[Result "1-0"]
[WhiteElo "2282"]
[BlackElo "2128"]
[PlyCount "75"]
[EventDate "2018.09.01"]
[EventType "team-swiss"]
[EventRounds "9"]
[EventCountry "POL"]
[SourceTitle "CBM 186 Extra"]
[Source "ChessBase"]
[SourceDate "2018.08.24"]
[SourceVersion "1"]
[SourceVersionDate "2018.08.24"]
[SourceQuality "1"]
[WhiteTeam "Podlesie UKS 21"]
[BlackTeam "Czerwionka Leszczyny Skoczek"]
[WhiteTeamCountry "POL"]
[BlackTeamCountry "POL"]

1. e4 e5 2. Nf3 Nc6 3. Bb5 a6 4. Ba4 b5 5. Bb3 Nf6 6. d4 exd4 7. e5 Ne4 8. 0-0 Be7 9. Bd5 Nc5 10. Nxd4 Bb7 11. Nf5 g6 12. Nh6 Ne6 13. f4 Bc5+ 14. Kh1 Qh4 15. f5 Ned4 16. Bxf7+ Kd8 17. Bd5 Rf8 18. f6 Kc8 19. c3 Nf5 20. Nxf5 gxf5 21. b4 Bb6 22. Qf3 Nxe5 23. Bxb7+ Kb8 24. Qf4 Ng4 25. Bxa8 Kxa8 26. Qf3+ c6 27. Bf4 Nf2+ 28. Rxf2 Qxf2 29. Qxf2 Bxf2 30. Nd2 Rxf6 31. Rf1 Bb6 32. Nf3 a5 33. a3 Kb7 34. Nd4 Bxd4 35. cxd4 a4 36. Be5 Re6 37. Rxf5 d6 38. Rf6 1-0

[Event "POL-chT 2nd League"]
[Site "Jastrzebia Gora"]
[Date "2018.09.01"]
[Round "1.18"]
[White "Walkusz, Witoslaw"]
[Black "Szwaj, Jacek"]
[Result "1-0"]
[WhiteElo "2128"]
[BlackElo "1978"]
[PlyCount "49"]
[EventDate "2018.09.01"]
[EventType "team-swiss"]
[EventRounds "9"]
[EventCountry "POL"]
[SourceTitle "CBM 186 Extra"]
[Source "ChessBase"]
[SourceDate "2018.08.24"]
[SourceVersion "1"]
[SourceVersionDate "2018.08.24"]
[SourceQuality "1"]
[WhiteTeam "Czerwionka Leszczyny Skoczek"]
[BlackTeam "Skoczek Trojanski"]
[WhiteTeamCountry "POL"]
[BlackTeamCountry "POL"]

1. e4 c5 2. Nf3 d6 3. Bb5+ Bd7 4. a4 Nc6 5. 0-0 e6 6. Re1 Qc7 7. c3 Be7 8. d4 Nf6 9. d5 Nd8 10. Na3 0-0 11. Nc4 e5 12. Nfxe5 dxe5 13. d6 Bxd6 14. Qxd6 Qxd6 15. Nxd6 Be6 16. Bg5 a6 17. Bxf6 axb5 18. Bxd8 Raxd8 19. Nxb7 Rd2 20. axb5 c4 21. Nc5 Rb8 22. b6 Rxb2 23. Reb1 Rxb1+ 24. Rxb1 Kf8 25. b7 1-0

[Event "Rubinstein Memorial-A 54th"]
[Site "Polanica Zdroj"]
[Date "2018.08.19"]
[Round "2"]
[White "Kawalko, Adam"]
[Black "Walkusz, Witoslaw"]
[Result "1/2-1/2"]
[WhiteElo "1869"]
[BlackElo "2121"]
[PlyCount "73"]
[EventDate "2018.08.18"]
[EventType "swiss"]
[EventRounds "9"]
[EventCountry "POL"]
[SourceTitle "CBM 186 Extra"]
[Source "ChessBase"]
[SourceDate "2018.08.24"]
[SourceVersion "1"]
[SourceVersionDate "2018.08.24"]
[SourceQuality "1"]

1. e4 e5 2. Nf3 Nc6 3. Bc4 Nf6 4. d3 h6 5. Nbd2 a6 6. c3 b5 7. Bb3 d5 8. 0-0 dxe4 9. Nxe4 Be7 10. Re1 0-0 11. Ng3 Bd6 12. d4 exd4 13. Nxd4 Nxd4 14. Qxd4 c5 15. Qh4 Ng4 16. Qxd8 Rxd8 17. h3 Nf6 18. Be3 Bb7 19. Nf5 Bf8 20. f3 Nd5 21. Bd2 c4 22. Bd1 Nb4 23. Be3 Nd3 24. Re2 Rd5 25. Nd4 Re8 26. b4 cxb3 27. axb3 b4 28. Bc2 Nc5 29. cxb4 Rxd4 30. bxc5 Rb4 31. Rae1 Rxe3 32. Rxe3 Bxc5 33. Kf1 Bxe3 34. Rxe3 Kf8 35. Ke2 Bd5 36. Kd2 Rb6 37. Kc3 1/2-1/2